Rosinka (Record no. 56752)

MARC details
000 -LEADER
fixed length control field 00500nam a2200145 a 4500
008 - FIXED-LENGTH DATA ELEMENTS--GENERAL INFORMATION
fixed length control field 210429s2004 xx |||||||||||||| || u
020 ## - INTERNATIONAL STANDARD BOOK NUMBER
International Standard Book Number 9785883370044
050 ## - LIBRARY OF CONGRESS CALL NUMBER
Classification number PG 2900 Ham
100 ## - MAIN ENTRY--PERSONAL NAME
Personal name Dronov, V.V
245 10 - TITLE STATEMENT
Title Rosinka
Statement of responsibility, etc. E.A Hamraeva and V.V Dronov
260 ## - PUBLICATION, DISTRIBUTION, ETC.
Date of publication, distribution, etc. 2004
300 ## - PHYSICAL DESCRIPTION
Extent 158 pages: illustrations
700 ## - ADDED ENTRY--PERSONAL NAME
Personal name Hamraeva, E.A
995 ## - RECOMMENDATION 995 [LOCAL, UNIMARC FRANCE]
-- CBU-MAIN LIBRARY (Kitwe)
-- 1
-- AVAILABLE
-- Apr 29, 2021
-- Main Library Open Access Collection
Holdings
Withdrawn status Lost status Source of classification or shelving scheme Damaged status Not for loan Home library Current library Shelving location Date acquired Total Checkouts Full call number Barcode Date last seen Price effective from Koha item type
          CBU-MAIN LIBRARY, KITWE. CBU-MAIN LIBRARY, KITWE.   11/30/2022   PG 2900 Ham 751109 11/30/2022 11/30/2022 MONOGRAPH